Tender messages documentation (Record no. 90300)

MARC details
000 -LEADER
fixed length control field 00630cam a2200241 4500
001 - CONTROL NUMBER
control field ##M2106
008 - FIXED-LENGTH DATA ELEMENTS--GENERAL INFORMATION
fixed length control field 090401t1995 xxu||||| |||| 00| 0 eng d
035 ## - SYSTEM CONTROL NUMBER
System control number (Sirsi) u36492
041 0# - LANGUAGE CODE
Language code of text/sound track or separate title eng
050 04 - LIBRARY OF CONGRESS CALL NUMBER
Classification number 692.50285 $2 18
090 ## - LOCALLY ASSIGNED LC-TYPE CALL NUMBER (OCLC); LOCAL CALL NUMBER (RLIN)
Classification number (OCLC) (R) ; Classification number, CALL (RLIN) (NR) RICS 1995/129ABCD
110 2# - MAIN ENTRY--CORPORATE NAME
Corporate name or jurisdiction name as entry element Electronic Data Interchange (Construction) Ltd
9 (RLIN) 2481
245 00 - TITLE STATEMENT
Title Tender messages documentation
260 ## - PUBLICATION, DISTRIBUTION, ETC.
Place of publication, distribution, etc. London
Name of publisher, distributor, etc. EDICON
-- RICS
Date of publication, distribution, etc. 1995
300 ## - PHYSICAL DESCRIPTION
Extent ca. 200p.
Dimensions 30cm.
350 ## - PRICE (NR) (BK AM CF MU VM SE) [OBSOLETE]
Price 30
520 ## - SUMMARY, ETC.
Summary, etc. Under review 1 August 2006.
651 #4 - SUBJECT ADDED ENTRY--GEOGRAPHIC NAME
Geographic name United Kingdom
Chronological subdivision
690 ## - LOCAL SUBJECT ADDED ENTRY--TOPICAL TERM (OCLC, RLIN)
Topical term or geographic name as entry element Procurement
9 (RLIN) 6260
942 ## - ADDED ENTRY ELEMENTS (KOHA)
Suppress in OPAC 0
948 ## - LOCAL PROCESSING INFORMATION (OCLC); SERIES PART DESIGNATOR (RLIN)
c (OCLC) 04/03/1997
Holdings
Withdrawn status Lost status Source of classification or shelving scheme Damaged status Not for loan Home library Current library Shelving location Date acquired Cost, normal purchase price Total Checkouts Full call number Barcode Date last seen Copy number Cost, replacement price Price effective from Koha item type
    Dewey Decimal Classification     London London RICS Boxes 10/06/1996 30.00   RICS 1995/129 30047892 06/08/2019 1 30.00 06/08/2019 Archive
    Dewey Decimal Classification     London London RICS Boxes 04/12/1996 30.00   RICS 1995/129 30050886 06/08/2019 2 30.00 06/08/2019 Reference material
    Dewey Decimal Classification     London London RICS Boxes 04/12/1996 30.00   RICS 1995/129 30050887 06/08/2019 3 30.00 06/08/2019 Book